<?xml version="1.0" encoding="UTF-8"?>
<record
    xmlns:xsi="http://www.w3.org/2001/XMLSchema-instance"
    xsi:schemaLocation="http://www.loc.gov/MARC21/slim http://www.loc.gov/standards/marcxml/schema/MARC21slim.xsd"
    xmlns="http://www.loc.gov/MARC21/slim">

  <leader>01555nam a2200325 i 4500</leader>
  <controlfield tag="001">000000280</controlfield>
  <controlfield tag="003">DO-SdBNP</controlfield>
  <controlfield tag="005">20260114102846.0</controlfield>
  <controlfield tag="007">ta</controlfield>
  <controlfield tag="008">081127s1992    dr a          000 0 spa d</controlfield>
  <datafield tag="040" ind1=" " ind2=" ">
    <subfield code="a">DO-SdBNP</subfield>
    <subfield code="b">spa</subfield>
    <subfield code="c">BNPHU</subfield>
    <subfield code="e">rda</subfield>
  </datafield>
  <datafield tag="041" ind1=" " ind2=" ">
    <subfield code="a">spa</subfield>
  </datafield>
  <datafield tag="082" ind1=" " ind2="4">
    <subfield code="a">158</subfield>
    <subfield code="b">A561h</subfield>
    <subfield code="2">22</subfield>
  </datafield>
  <datafield tag="100" ind1="1" ind2=" ">
    <subfield code="a">Andr&#xE9;s, Mateo,</subfield>
    <subfield code="e">autor</subfield>
    <subfield code="c">S.J.</subfield>
    <subfield code="4">aut.</subfield>
    <subfield code="9">915</subfield>
  </datafield>
  <datafield tag="245" ind1="1" ind2="0">
    <subfield code="a">Hacia la realizaci&#xF3;n del hombre :</subfield>
    <subfield code="b">fundamentos de psicolog&#xED;a /</subfield>
    <subfield code="c">Mateo Andr&#xE9;s.</subfield>
  </datafield>
  <datafield tag="264" ind1=" " ind2="1">
    <subfield code="a">Santo Domingo :</subfield>
    <subfield code="b">Ediciones MSC,</subfield>
    <subfield code="c">1992.</subfield>
  </datafield>
  <datafield tag="300" ind1=" " ind2=" ">
    <subfield code="a">174 p&#xE1;ginas :</subfield>
    <subfield code="b">ilustraciones ;</subfield>
    <subfield code="c">22 cm.</subfield>
  </datafield>
  <datafield tag="336" ind1=" " ind2=" ">
    <subfield code="a">texto</subfield>
    <subfield code="b">txt</subfield>
    <subfield code="2">rdacontent</subfield>
  </datafield>
  <datafield tag="337" ind1=" " ind2=" ">
    <subfield code="a">sin mediaci&#xF3;n</subfield>
    <subfield code="b">n</subfield>
    <subfield code="2">rdamedia</subfield>
  </datafield>
  <datafield tag="338" ind1=" " ind2=" ">
    <subfield code="a">volumen</subfield>
    <subfield code="b">nc</subfield>
    <subfield code="2">rdacarrier</subfield>
  </datafield>
  <datafield tag="490" ind1="1" ind2=" ">
    <subfield code="a">Pensamiento y vida</subfield>
  </datafield>
  <datafield tag="505" ind1="2" ind2=" ">
    <subfield code="a">Lecci&#xF3;n primera: definici&#xF3;n de psicolog&#xED;a. Objeto, m&#xE9;todo, principales aplicaciones --</subfield>
    <subfield code="t">Lecci&#xF3;n segunda: maduraci&#xF3;n y desarrollo --</subfield>
    <subfield code="t">Lecci&#xF3;n tercera: motivaci&#xF3;n y conducta humana --</subfield>
    <subfield code="t">Lecci&#xF3;n cuarta: frustraci&#xF3;n --</subfield>
    <subfield code="t">Lecci&#xF3;n quinta: mecanismos de defensa -- .</subfield>
    <subfield code="t">Lecci&#xF3;n sexta: conducta humana y salud mental --</subfield>
    <subfield code="t">Lecci&#xF3;n s&#xE9;ptima: cura de las enfermedades mentales --</subfield>
    <subfield code="t">Lecci&#xF3;n octava: conducta humana y madurez mental --</subfield>
    <subfield code="t">Lecci&#xF3;n novena: conducta humana y percepci&#xF3;n --</subfield>
    <subfield code="t">Lecci&#xF3;n d&#xE9;cima: conducta humana y sociedad --</subfield>
    <subfield code="t">Lecci&#xF3;n und&#xE9;cima: la personalidad.</subfield>
  </datafield>
  <datafield tag="590" ind1=" " ind2=" ">
    <subfield code="a">Inventariado, 2018/LP</subfield>
  </datafield>
  <datafield tag="650" ind1=" " ind2="4">
    <subfield code="a">Psicolog&#xED;a</subfield>
    <subfield code="9">152</subfield>
  </datafield>
  <datafield tag="650" ind1=" " ind2="0">
    <subfield code="a">Conducta (Psicolog&#xED;a)</subfield>
    <subfield code="9">673</subfield>
  </datafield>
  <datafield tag="650" ind1=" " ind2="4">
    <subfield code="a">Sexo (psicolog&#xED;a)</subfield>
    <subfield code="9">153</subfield>
  </datafield>
  <datafield tag="650" ind1=" " ind2="4">
    <subfield code="a">Frustraci&#xF3;n</subfield>
    <subfield code="9">916</subfield>
  </datafield>
  <datafield tag="910" ind1=" " ind2=" ">
    <subfield code="a">Validado. Control de calidad MFF</subfield>
  </datafield>
  <datafield tag="942" ind1=" " ind2=" ">
    <subfield code="2">ddc</subfield>
    <subfield code="c">LBS1</subfield>
  </datafield>
  <datafield tag="952" ind1=" " ind2=" ">
    <subfield code="0">0</subfield>
    <subfield code="1">0</subfield>
    <subfield code="2">ddc</subfield>
    <subfield code="5">1</subfield>
    <subfield code="7">0</subfield>
    <subfield code="8">PD</subfield>
    <subfield code="a">BNPHU</subfield>
    <subfield code="b">BNPHU</subfield>
    <subfield code="c">HD</subfield>
    <subfield code="d">2009-06-24</subfield>
    <subfield code="e">036544</subfield>
    <subfield code="l">0</subfield>
    <subfield code="o">BNPHU PD 158 A561h</subfield>
    <subfield code="p">280-10</subfield>
    <subfield code="r">2020-06-25</subfield>
    <subfield code="w">2020-06-25</subfield>
    <subfield code="y">LBS1</subfield>
    <subfield code="Z">No se presta</subfield>
  </datafield>
  <datafield tag="999" ind1=" " ind2=" ">
    <subfield code="c">280</subfield>
    <subfield code="d">280</subfield>
  </datafield>
</record>
